<?xml version="1.0" encoding="UTF-8"?>
<record
    xmlns:xsi="http://www.w3.org/2001/XMLSchema-instance"
    xsi:schemaLocation="http://www.loc.gov/MARC21/slim http://www.loc.gov/standards/marcxml/schema/MARC21slim.xsd"
    xmlns="http://www.loc.gov/MARC21/slim">

  <leader>00757nas a22001577a 4500</leader>
  <controlfield tag="001">9699</controlfield>
  <controlfield tag="003">KOSZ 005</controlfield>
  <controlfield tag="005">20180406123332.0</controlfield>
  <controlfield tag="008">180416s2012    pl  n  f     |000  0pol </controlfield>
  <datafield tag="040" ind1=" " ind2=" ">
    <subfield code="c">KOSZ 005/MD</subfield>
  </datafield>
  <datafield tag="100" ind1="1" ind2=" ">
    <subfield code="a">CHOJNACKI, Jerzy.</subfield>
    <subfield code="b">Politechnika Koszali&#x144;ska - Wydzia&#x142; Mechaniczny,</subfield>
    <subfield code="c">Katedra Agroin&#x17C;ynierii</subfield>
    <subfield code="d">2006 - .</subfield>
  </datafield>
  <datafield tag="245" ind1="1" ind2="0">
    <subfield code="a">Wp&#x142;yw filtra siatkowego zamontowanego w instalacji opryskiwacza na straty owadob&#xF3;jczych nicieni /</subfield>
    <subfield code="c">Jerzy Chojnacki, Robert Bujaczek.</subfield>
  </datafield>
  <datafield tag="700" ind1=" " ind2=" ">
    <subfield code="a">BUJACZEK, Robert.</subfield>
    <subfield code="b">Politechnika Koszali&#x144;ska - Wydzia&#x142; Mechaniczny,</subfield>
    <subfield code="c">Katedra Agroin&#x17C;ynierii</subfield>
    <subfield code="d">2012 - .</subfield>
  </datafield>
  <datafield tag="773" ind1="0" ind2=" ">
    <subfield code="i">W :</subfield>
    <subfield code="t">Journal of Research and Applications in Agricultural Engineering. -</subfield>
    <subfield code="g">2012, T. 57, z. 3, s. 37-40</subfield>
    <subfield code="x">1642-686X</subfield>
  </datafield>
  <datafield tag="942" ind1=" " ind2=" ">
    <subfield code="2">UKD</subfield>
    <subfield code="c">ART</subfield>
  </datafield>
  <datafield tag="999" ind1=" " ind2=" ">
    <subfield code="c">9699</subfield>
    <subfield code="d">9699</subfield>
  </datafield>
</record>
